La educación matemática en la enseñanza secundaria (Record no. 16596)

MARC details
000 -LEADER
campo de control de longitud fija 01372nam a2200421 a 4500
003 - IDENTIFICADOR DE NÚMERO DE CONTROL
campo de control AR-BaBNM
005 - FECHA Y HORA DE LA ÚLTIMA TRANSACCIÓN
campo de control 20251128210723.0
008 - DATOS DE LONGITUD FIJA--INFORMACIÓN GENERAL
campo de control de longitud fija 082120s2002 ||||||||||||||000 | spa||
020 ## - NÚMERO INTERNACIONAL ESTÁNDAR DEL LIBRO
Número Internacional Estándar del Libro 84-85840-65-8
040 ## - FUENTE DE CATALOGACIÓN
Centro/agencia transcriptor AR-BaBNM
245 00 - MENCIÓN DEL TÍTULO
Título La educación matemática en la enseñanza secundaria
250 ## - MENCION DE EDICION
Mención de edición 1ª ed.
260 ## - PUBLICACIÓN, DISTRIBUCIÓN, ETC.
Lugar de publicación, distribución, etc. Barcelona
Nombre del editor, distribuidor, etc. ICE
-- Horsori
Fecha de publicación, distribución, etc. 1997
300 ## - DESCRIPCIÓN FÍSICA
Extensión 254 p.
Otros detalles físicos tablas, gráfs.
490 #0 - MENCIÓN DE SERIE
Mención de serie Cuadernos de formación del profesorado. Educación secundaria
Designación de volumen o secuencia v. 12
500 ## - NOTA GENERAL
Nota general Tirada especial para la Red Federal de Formación Docente Continua. Ministerio de Cultura y Educación de la Nación
500 ## - NOTA GENERAL
Nota general Contiene referencias bibliográficas e índice temático
650 #4 - PUNTO DE ACCESO ADICIONAL DE MATERIA--TÉRMINO DE MATERIA
Término de materia o nombre geográfico como elemento de entrada ENSEÑANZA DE LAS MATEMATICAS
650 #4 - PUNTO DE ACCESO ADICIONAL DE MATERIA--TÉRMINO DE MATERIA
Término de materia o nombre geográfico como elemento de entrada CURRICULO
650 #4 - PUNTO DE ACCESO ADICIONAL DE MATERIA--TÉRMINO DE MATERIA
Término de materia o nombre geográfico como elemento de entrada DIFICULTADES EN EL APRENDIZAJE
650 #4 - PUNTO DE ACCESO ADICIONAL DE MATERIA--TÉRMINO DE MATERIA
Término de materia o nombre geográfico como elemento de entrada METODOS DE ENSEÑANZA
650 #4 - PUNTO DE ACCESO ADICIONAL DE MATERIA--TÉRMINO DE MATERIA
Término de materia o nombre geográfico como elemento de entrada ACTIVIDADES DE APRENDIZAJE
650 #4 - PUNTO DE ACCESO ADICIONAL DE MATERIA--TÉRMINO DE MATERIA
Término de materia o nombre geográfico como elemento de entrada MATERIAL DIDACTICO
650 #4 - PUNTO DE ACCESO ADICIONAL DE MATERIA--TÉRMINO DE MATERIA
Término de materia o nombre geográfico como elemento de entrada HISTORIA DE LAS MATEMATICAS
651 #4 - PUNTO DE ACCESO ADICIONAL DE MATERIA--NOMBRE GEOGRÁFICO
Nombre geográfico España
653 ## - TÉRMINO DE INDIZACIÓN--NO CONTROLADO
Término no controlado EDUCACION SECUNDARIA
653 ## - TÉRMINO DE INDIZACIÓN--NO CONTROLADO
Término no controlado UNIDADES DIDACTICAS
700 1# - ENTRADA AGREGADA--NOMBRE PERSONAL
Nombre de persona Rico, Luis
Término indicativo de función/relación coordinador
700 1# - ENTRADA AGREGADA--NOMBRE PERSONAL
Nombre de persona Castro, Encarnación
700 1# - ENTRADA AGREGADA--NOMBRE PERSONAL
Nombre de persona Castro, Enrique
700 1# - ENTRADA AGREGADA--NOMBRE PERSONAL
Nombre de persona Coriat, Moisés
700 1# - ENTRADA AGREGADA--NOMBRE PERSONAL
Nombre de persona Marín, Antonio
700 1# - ENTRADA AGREGADA--NOMBRE PERSONAL
Nombre de persona Puig, Luis
700 1# - ENTRADA AGREGADA--NOMBRE PERSONAL
Nombre de persona Socas, Martín
800 1# - PUNTO DE ACCESO ADICIONAL DE SERIE--NOMBRE DE PERSONA
Nombre de persona Coll, Cesar
Término indicativo de función/relación director
942 ## - ELEMENTOS DE ENTRADA SECUNDARIOS (KOHA)
Tipo de ítem Koha Libros
998 ## - INFORMACIÓN DE CONTROL LOCAL (RLIN)
Iniciales del catalogador, CIN (RLIN) RAQUEL
Holdings
Estatus retirado Estado de pérdida Fuente de la clasificación o esquema de estantería Estado de daño Restricciones de uso No para préstamo Biblioteca de origen Biblioteca actual Fecha de adquisición Total de préstamos Signatura topográfica completa Código de barras Visto por última vez Precio de reemplazo Tipo de ítem Koha
    Clasificación Decimal Dewey   Acceso restringido No para préstamo Liberty Liberty 28/11/2025   372.851 RICO 125275 28/11/2025 28/11/2025 Libros